| 000 | 00360nam a2200157Ia 4500 | ||
|---|---|---|---|
| 008 | 230917s9999||||xx |||||||||||||| ||und|| | ||
| 020 | _cRS6 | ||
| 040 |
_e83906 _aMAIN |
||
| 041 | _aEnglish | ||
| 082 | _a822.33 S15M | ||
| 100 | _aShakespeare, Macmillan | ||
| 245 | 0 | _aMacbeth | |
| 260 |
_aBasingstoke _bMacmillan _c1972 |
||
| 300 | _a191 p. | ||
| 942 | _cBK | ||
| 999 |
_c140762 _d140762 |
||